[Event "Titled Tuesday intern op 06th May Early"]
[Site "Chess.com INT"]
[Date "2025.05.06"]
[Round "3"]
[White "Sadey, Rinoa Mariel"]
[Black "Rabin, Evan Z"]
[Result "0-1"]
[WhiteElo "1760"]
[BlackElo "1945"]
[PlyCount "78"]
[EventDate "2025.05.06"]
[EventType "swiss (blitz)"]
[EventRounds "11"]
[EventCountry "USA"]
[SourceTitle "CB20_2025"]
[SourceDate "2025.05.14"]
[SourceVersion "1"]
[SourceVersionDate "2025.05.14"]
[SourceQuality "1"]

1. d4 Nf6 2. c4 e6 3. Nc3 Bb4 4. f3 d5 5. a3 Bxc3+ 6. bxc3 c5 7. cxd5 Nxd5 8. Bb2 Ne3 9. Qd3 Nxf1 10. Kxf1 0-0 11. e4 b6 12. Ne2 Ba6 13. Qd2 Nc6 14. Kf2 Rc8 15. Rac1 Na5 16. Rhd1 Nc4 17. Qc2 Qh4+ 18. Kg1 Ne3 19. Qd2 Nxd1 20. Rxd1 cxd4 21. cxd4 Bxe2 22. Qxe2 Rfd8 23. d5 exd5 24. exd5 Qg5 25. d6 Qc5+ 26. Kh1 Rxd6 27. Re1 Re6 28. Qd2 Rxe1+ 29. Qxe1 Qc6 30. h3 Qe6 31. Qd1 Re8 32. Qd4 f6 33. a4 Qe1+ 34. Kh2 Qe5+ 35. Qxe5 fxe5 36. Kg3 e4 37. fxe4 Rxe4 38. a5 bxa5 39. Kf3 Rc4 0-1

[Event "Titled Tuesday intern op 06th May Early"]
[Site "Chess.com INT"]
[Date "2025.05.06"]
[Round "5"]
[White "Vasilenok, Anton"]
[Black "Sadey, Rinoa Mariel"]
[Result "1-0"]
[WhiteElo "2137"]
[BlackElo "1760"]
[PlyCount "131"]
[EventDate "2025.05.06"]
[EventType "swiss (blitz)"]
[EventRounds "11"]
[EventCountry "USA"]
[SourceTitle "CB20_2025"]
[SourceDate "2025.05.14"]
[SourceVersion "1"]
[SourceVersionDate "2025.05.14"]
[SourceQuality "1"]

1. d4 c5 2. d5 Nf6 3. c4 d6 4. Nc3 g6 5. Nf3 Bg7 6. e4 e6 7. Be2 exd5 8. exd5 0-0 9. 0-0 Bg4 10. h3 Bxf3 11. Bxf3 a6 12. a4 Nbd7 13. Bg5 h6 14. Bf4 Qc7 15. Qd2 Kh7 16. Rfe1 Rfe8 17. g4 b6 18. Be2 Ne5 19. Kg2 Re7 20. b3 Rae8 21. g5 Ng8 22. a5 hxg5 23. Bxg5 f6 24. Be3 Bh6 25. Bd1 f5 26. axb6 Qxb6 27. Bc2 Qb7 28. Bxh6 Nxh6 29. f4 Nef7 30. Rxe7 Rxe7 31. Re1 Ng8 32. Qf2 Kg7 33. h4 Nfh6 34. Bd1 Nf6 35. Bf3 Nhg4 36. Qd2 Kf7 37. Re6 Rxe6 38. dxe6+ Kxe6 39. Bxb7 Ne4 40. Nxe4 fxe4 41. Bxe4 Nf6 42. Bxg6 d5 43. cxd5+ Nxd5 44. Bf7+ Kf6 45. Qxd5 c4 46. h5 a5 47. Qxc4 a4 48. Qxa4 Kg7 49. b4 Kh6 50. b5 Kg7 51. b6 Kf6 52. b7 Kg7 53. b8N Kh8 54. Ba2 Kg7 55. h6+ Kh8 56. h7 Kxh7 57. f5 Kh8 58. f6 Kh7 59. f7 Kh6 60. f8N Kg7 61. Nbd7 Kh8 62. Bg8 Kg7 63. Qg4+ Kh8 64. Qh5+ Kg7 65. Qg6+ Kh8 66. Qh7# 1-0

[Event "Titled Tuesday intern op 24th Sep Early"]
[Site "Chess.com INT"]
[Date "2024.09.24"]
[Round "3"]
[White "Skaric, Djuro"]
[Black "Sadey, Rinoa Mariel"]
[Result "0-1"]
[WhiteElo "2277"]
[BlackElo "1775"]
[PlyCount "78"]
[EventDate "2024.09.24"]
[EventType "swiss (blitz)"]
[EventRounds "11"]
[EventCountry "USA"]
[SourceTitle "EXT 2025"]
[Source "ChessBase"]
[SourceDate "2024.10.14"]
[SourceVersion "1"]
[SourceVersionDate "2024.10.14"]
[SourceQuality "1"]

1. g3 g6 2. Bg2 Bg7 3. d3 c5 4. e4 Nc6 5. Nc3 d6 6. f4 e5 7. Nf3 Nge7 8. 0-0 0-0 9. h3 Rb8 10. a4 a6 11. g4 exf4 12. Bxf4 b5 13. axb5 axb5 14. Bg5 h6 15. Bh4 g5 16. Bg3 Ng6 17. Qd2 Be6 18. Ra6 Rb6 19. Rxb6 Qxb6 20. Kh1 Rd8 21. h4 Bxg4 22. hxg5 h5 23. Nh2 Be6 24. Nd5 Bxd5 25. exd5 Nd4 26. Be4 h4 27. Be1 h3 28. c3 Nb3 29. Qf2 Qc7 30. Ng4 Ne5 31. Nf6+ Kf8 32. Qh4 Ke7 33. g6 Nxg6 34. Qg5 Rh8 35. Bxg6 fxg6 36. Qxg6 Rh6 37. Ng8+ Kd8 38. Rf7 Rxg6 39. Rxc7 Kxc7 0-1

[Event "Titled Tuesday intern op 17th Sep Early"]
[Site "Chess,com INT"]
[Date "2024.09.17"]
[Round "8"]
[White "Cuellar Montes, Alejandro"]
[Black "Sadey, Rinoa Mariel"]
[Result "1-0"]
[WhiteElo "2190"]
[BlackElo "1775"]
[PlyCount "59"]
[EventDate "2024.09.17"]
[EventType "swiss (blitz)"]
[EventRounds "11"]
[EventCountry "USA"]
[SourceTitle "EXT 2025"]
[Source "ChessBase"]
[SourceDate "2024.10.14"]
[SourceVersion "1"]
[SourceVersionDate "2024.10.14"]
[SourceQuality "1"]

1. e4 e6 2. d4 d5 3. Nc3 dxe4 4. Nxe4 Nd7 5. Nf3 Ngf6 6. Nxf6+ Nxf6 7. Bd3 b6 8. 0-0 Bb7 9. c3 Be7 10. Bf4 0-0 11. Qe2 Rc8 12. Rad1 c5 13. dxc5 Qe8 14. cxb6 axb6 15. Bb5 Bc6 16. Nd4 Bxb5 17. Nxb5 Nd5 18. Bg3 Rc5 19. c4 Nf6 20. Nd6 Qa8 21. b4 Rc6 22. Rd2 Rd8 23. Rfd1 Ne8 24. Nxe8 Rxe8 25. Bd6 Bg5 26. Rd4 Bf6 27. Rg4 Rd8 28. Qf3 Rcxd6 29. Rxd6 Qc8 30. Qxf6 1-0

[Event "Titled Tuesday intern op 10th Sep Early"]
[Site "Chess,com INT"]
[Date "2024.09.10"]
[Round "4"]
[White "Sadey, Rinoa Mariel"]
[Black "Brancaleoni, Maurizio"]
[Result "0-1"]
[WhiteElo "1775"]
[BlackElo "2180"]
[PlyCount "104"]
[EventDate "2024.09.10"]
[EventType "swiss (blitz)"]
[EventRounds "11"]
[EventCountry "USA"]
[SourceTitle "EXT 2025"]
[Source "ChessBase"]
[SourceDate "2024.10.14"]
[SourceVersion "1"]
[SourceVersionDate "2024.10.14"]
[SourceQuality "1"]

1. d4 Nf6 2. c4 g6 3. Nc3 d5 4. cxd5 Nxd5 5. e4 Nxc3 6. bxc3 Bg7 7. Be3 c5 8. Bc4 Nc6 9. Ne2 0-0 10. 0-0 b6 11. Rc1 Na5 12. Bd3 c4 13. Bb1 e5 14. d5 Nb7 15. Qa4 Nd6 16. f4 Re8 17. fxe5 Bxe5 18. Nd4 Bd7 19. Nc6 Qh4 20. g3 Bxg3 21. hxg3 Qxg3+ 22. Kh1 Qh3+ 23. Kg1 Qxe3+ 24. Kh1 Re5 25. Nxe5 Qh3+ 26. Kg1 Qg3+ 27. Kh1 Bxa4 28. Nf3 Re8 29. e5 Qh3+ 30. Kg1 Nf5 31. Bxf5 Qxf5 32. Rce1 Bc2 33. Nd4 Qg4+ 34. Kf2 Bd3 35. Rg1 Qf4+ 36. Kg2 Rxe5 37. Rxe5 Qxe5 38. Nf3 Qxd5 39. Kf2 Qc5+ 40. Nd4 Qa3 41. Rg2 Qxc3 42. Nf3 Be4 43. Ne1 Qd4+ 44. Kg3 Bxg2 45. Nxg2 c3 46. Ne1 Qd2 47. Nf3 Qd3 48. a4 c2 49. Kf2 c1Q 50. Ne1 Qcd2+ 51. Kg1 Q3e3+ 52. Kh1 Qexe1# 0-1

[Event "Titled Tuesday intern op 03rd Sep Early"]
[Site "Chess.com INT"]
[Date "2024.09.03"]
[Round "2"]
[White "Smieszek, Wojciech"]
[Black "Sadey, Rinoa Mariel"]
[Result "1-0"]
[WhiteElo "2088"]
[BlackElo "1775"]
[PlyCount "59"]
[EventDate "2024.09.03"]
[EventType "swiss (blitz)"]
[EventRounds "11"]
[EventCountry "USA"]
[SourceTitle "EXT 2025"]
[Source "ChessBase"]
[SourceDate "2024.10.14"]
[SourceVersion "1"]
[SourceVersionDate "2024.10.14"]
[SourceQuality "1"]

1. e4 e6 2. d4 d5 3. Bd3 c5 4. exd5 Qxd5 5. Nf3 cxd4 6. 0-0 Nc6 7. c3 dxc3 8. Nxc3 Qd8 9. a3 Nf6 10. Qc2 Be7 11. Bg5 h6 12. Bh4 0-0 13. Rfd1 Qc7 14. Rac1 a6 15. Bg3 Qb6 16. Na4 Qa7 17. b4 Bd7 18. Nc5 Bxc5 19. bxc5 Rac8 20. Bd6 Rfd8 21. Qb2 Ne8 22. Bb1 Nxd6 23. cxd6 Be8 24. Qc2 g6 25. Qd2 Kh7 26. Qf4 Rd7 27. Ne5 Nxe5 28. Rxc8 Qb6 29. Qxe5 f6 30. Qxe6 1-0